Normal view
MARC view
- Major Contractors Group
Entry Corporate Name
001 - CONTROL NUMBER
- control field: 4988
003 - CONTROL NUMBER IDENTIFIER
- control field: SIRSI
005 - DATE AND TIME OF LATEST TRANSACTION
- control field: 20190806150239.0
008 - FIXED-LENGTH DATA ELEMENTS
- fixed length control field: 060720n| aaannaabn |n ana d
040 ## - CATALOGING SOURCE
- Original cataloging agency: OSt
- Transcribing agency: OSt
110 2# - HEADING--CORPORATE NAME
- Corporate name or jurisdiction name as entry element: Major Contractors Group
670 ## - SOURCE DATA FOUND
- Source citation: MCG puts measures in place to complete its qualified workforce project, 2006